Evil Beings in Lord of the Rings and The Hobbit by Screen Time - Statistics

General Stats
  • This quiz has been taken 25 times
  • The average score is 7 of 13
Answer Stats
Total Screen Time in The Hobbit Total Screen Time In Lord of the Rings Answer % Correct
2 min 4 min 15 sec Sauron
100%
21 min 15 sec 0 Smaug
91%
13 min 0 Azog the Defiler
61%
8 min 30 sec 0 Bolg
61%
0 2 min 45 sec Durin's Bane
61%
15 sec 7 min The Witch-king of Angmar
61%
0 1 min 15 sec The Mouth of Sauron
57%
0 3 min 30 sec Shelob
52%
0 3 min Lurtz
43%
0 1 min Gorbag
39%
0 3 min 30 sec Gothmog
39%
0 1 min Shagrat
30%
5 min 30 sec 0 The Great Goblin
17%
No matching quizzes found
Score Distribution
Percent of People with Each Score
Percentile by Number Answered
Your Score History
You have not taken this quiz